LIBRARY & INFORMATION CENTRE, KCAET, TAVANUR

ONLINE PUBLIC ACCESS CATALOGUE (OPAC)

Dictionary of soils and fertilizers, Part 3 / (Record no. 9958)

MARC details
000 -LEADER
fixed length control field 00450cam a2200181ua 4500
041 ## - LANGUAGE CODE
Language code of text/sound track or separate title eng
082 ## - DEWEY DECIMAL CLASSIFICATION NUMBER
Classification number 028.73631
Item number SOM/DI
100 ## - MAIN ENTRY--AUTHOR NAME
Personal name Somani, L L .
245 ## - TITLE STATEMENT
Title Dictionary of soils and fertilizers, Part 3 /
250 ## - EDITION STATEMENT
Edition statement 1 /
260 ## - PUBLICATION, DISTRIBUTION, ETC. (IMPRINT)
Place of publication :
Name of publisher Mittal Publications ,
Year of publication 1989.
300 ## - PHYSICAL DESCRIPTION
Number of Pages 242 ; .
942 ## - ADDED ENTRY ELEMENTS (KOHA)
Koha item type Books
Holdings
Withdrawn status Lost status Damaged status Home library Current library Date acquired Full call number Accession Number Koha item type
      KAUAET KAUAET 07/04/2012 028.73631 19754 Reference
free website counter